Guess the singer - C - Statistics

General Stats
  • This quiz has been taken 161 times
  • The average score is 13 of 30
Answer Stats
Hint Answer % Correct
My Heart Will Go On Celine Dion
84%
Yellow Coldplay
78%
Genie in a Bottle Christina Aguilera
76%
Zombie The Cranberries
76%
Girls Just Wanna Have Fun Cyndi Lauper
75%
Call Me Maybe Carly Rae Jepsen
71%
Gangsta's Paradise Coolio
65%
Karma Chameleon Culture Club
56%
If I Could Turn Back Time Cher
55%
You're So Vain Carly Simon
47%
We Don't Talk Anymore Charlie Puth
47%
Johnny B. Goode Chuck Berry
47%
This Is America Childish Gambino
46%
London Calling The Clash
45%
Good Luck, Babe! Chappell Roan
43%
Before He Cheats Carrie Underwood
41%
Bodak Yellow Cardi B
40%
Forget You Cee Lo Green
40%
Friday I'm In Love The Cure
39%
Something Just Like This The Chainsmokers
37%
Lovefool The Cardigans
34%
A Thousand Years Christina Perri
32%
Guess Charli XCX
29%
Insane in the Brain Cypress Hill
25%
Feel So Close Calvin Harris
24%
Don't Dream It's Over Crowded House
24%
I Want You To Want Me Cheap Trick
21%
Big Yellow Taxi Counting Crows
19%
Under the Influence Chris Brown
17%
Wherever You Will Go The Calling
12%
No matching quizzes found
Score Distribution
Percent of People with Each Score
Percentile by Number Answered
Your Score History
You have not taken this quiz